| 000 | 01403nam a22002537a 4500 | ||
|---|---|---|---|
| 003 | UA-OsUOA | ||
| 001 | 117680 | ||
| 007 | ta | ||
| 008 | 20160608b un ||||| |||| 00| 0 ukr d | ||
| 090 |
_a352(477) _bП68 |
||
| 942 | _cBK | ||
| 040 |
_aUA-OsUOA _bukr _cUA-OsUOA _dUA-OsUOA |
||
| 245 |
_aПравові засади оптимізації адміністративно-територіального устрою України _bмонографія _cза ред. І. О. Кресіної |
||
| 300 | _a296 с. | ||
| 955 | _a1 | ||
| 041 | _aukr | ||
| 080 | _a352(477) | ||
| 020 | _a978-966-171-710-6 | ||
| 520 | 3 | _aЗміст1. Сучасні підходи до розуміння адміністративно-територіального устрою2. Зарубіжний досвід оптимізації адміністративно-територіального устрою3. Оптимізація адміністративно-територіального устрою України: стан і перспективи4. Автономія в у | |
| 520 | 3 | _aмовах унітарної держави: Автономна Республіка Крим у складі України | |
| 260 |
_aК. _bЛогос _c2013 |
||
| 650 | 7 |
_a35 Державно-адміністративне управління. Військова справа _2UDC |
|
| 999 |
_c403722 _d403722 |
||